Traité théorique et pratique de l'étude du marché
Na minha lista:
| Autor principal: | |
|---|---|
| Formato: | Livro |
| Idioma: | francês |
| Publicado em: |
Lausanne
Rouge
1945
|
| Tags: |
Sem tags, seja o primeiro a adicionar uma tag!
|
MARC
| LEADER | 00000nam a2200000 4500 | ||
|---|---|---|---|
| 001 | c126659 | ||
| 005 | 20041019155238.6 | ||
| 041 | 0 | |a fre | |
| 044 | |a CH | ||
| 245 | 1 | 0 | |a Traité théorique et pratique de l'étude du marché |c Charles Schertenleib |
| 264 | 1 | |a Lausanne |b Rouge |c 1945 | |
| 300 | |a 246 s. | ||
| 100 | 1 | |a Schertenleib, Charles | |